Law of contract in East Africa / (Record no. 493)
[ view plain ]
| 000 -LEADER | |
|---|---|
| fixed length control field | 00741cam a22002531i 4500 |
| 001 - CONTROL NUMBER | |
| control field | 1774359 |
| 003 - CONTROL NUMBER IDENTIFIER | |
| control field | OSt |
| 005 - DATE AND TIME OF LATEST TRANSACTION | |
| control field | 20230606085235.0 |
| 008 - FIXED-LENGTH DATA ELEMENTS--GENERAL INFORMATION | |
| fixed length control field | 771128s1975 ug b 001 0 eng |
| 010 ## - LIBRARY OF CONGRESS CONTROL NUMBER | |
| LC control number | 76980669 |
| 040 ## - CATALOGING SOURCE | |
| Original cataloging agency | DLC |
| Transcribing agency | DLC |
| Modifying agency | DLC |
| 043 ## - GEOGRAPHIC AREA CODE | |
| Geographic area code | fe----- |
| 050 00 - LIBRARY OF CONGRESS CALL NUMBER | |
| Classification number | KQC117 |
| Item number | .H63 1975 |
| 082 00 - DEWEY DECIMAL CLASSIFICATION NUMBER | |
| Classification number | 346.022 |
| Item number | HOD |
| 100 1# - MAIN ENTRY--PERSONAL NAME | |
| Personal name | Hodgin, R. W. |
| 245 10 - TITLE STATEMENT | |
| Title | Law of contract in East Africa / |
| Statement of responsibility, etc. | R. W. Hodgin. |
| 260 ## - PUBLICATION, DISTRIBUTION, ETC. (IMPRINT) | |
| Place of publication, distribution, etc. | Kampala : |
| Name of publisher, distributor, etc. | East African Literature Bureau, |
| Date of publication, distribution, etc. | 1975. |
| 300 ## - PHYSICAL DESCRIPTION | |
| Extent | xxxiii, 317 p. ; |
| Dimensions | 22 cm. |
| 504 ## - BIBLIOGRAPHY, ETC. NOTE | |
| Bibliography, etc | Includes bibliographical references and index. |
| 650 #0 - SUBJECT ADDED ENTRY--TOPICAL TERM | |
| Topical term or geographic name as entry element | Contracts |
| Geographic subdivision | Africa, East. |
| 906 ## - LOCAL DATA ELEMENT F, LDF (RLIN) | |
| a | 7 |
| b | cbc |
| c | orignew |
| d | 4 |
| e | ncip |
| f | 19 |
| g | y-gencatlg |
| 942 ## - ADDED ENTRY ELEMENTS (KOHA) | |
| Source of classification or shelving scheme | Dewey Decimal Classification |
| Koha item type | Books |
| Withdrawn status | Lost status | Source of classification or shelving scheme | Damaged status | Not for loan | Home library | Current library | Date acquired | Total Checkouts | Full call number | Barcode | Date last seen | Price effective from | Koha item type |
|---|---|---|---|---|---|---|---|---|---|---|---|---|---|
| Dewey Decimal Classification | Bunge Tower Library | Bunge Tower Library | 06/06/2023 | 346.022 HOD | 10014513 | 06/06/2023 | 06/06/2023 | Books | |||||
| Dewey Decimal Classification | Bunge Tower Library | Bunge Tower Library | 06/06/2023 | 346.022 HOD | 10014512 | 06/06/2023 | 06/06/2023 | Books | |||||
| Dewey Decimal Classification | Bunge Tower Library | Bunge Tower Library | 06/06/2023 | 346.022 HOD | 10014510 | 06/06/2023 | 06/06/2023 | Books | |||||
| Dewey Decimal Classification | Bunge Tower Library | Bunge Tower Library | 06/06/2023 | 346.022 HOD | 10014511 | 06/06/2023 | 06/06/2023 | Books | |||||
| Dewey Decimal Classification | Bunge Tower Library | Bunge Tower Library | 06/06/2023 | 346.022 HOD | 10014509 | 06/06/2023 | 06/06/2023 | Books | |||||
| Dewey Decimal Classification | Bunge Tower Library | Bunge Tower Library | 06/06/2023 | 346.022 HOD | 10014412 | 06/06/2023 | 06/06/2023 | Books |
